[Event "Reública Checa ch"]
[Site "Karlovy Vary CZE"]
[Date "2005.02.01"]
[Round "1.1"]
[White "Lechtynsky, Jiri"]
[Black "Stocek, Jiri"]
[Result "0-1"]
[WhiteElo "2487"]
[BlackElo "2586"]
[PlyCount "102"]
[EventDate "2005.02.01"]
[EventType "tourn"]
[EventRounds "11"]
[EventCountry "CZE"]
[EventCategory "11"]
[Source "lmi"]
[SourceDate "2005.02.12"]

1. d4 Nf6 2. Nf3 g6 3. c4 Bg7 4. Nc3 d5 5. Bf4 O-O 6. Rc1 dxc4 7. e4 Bg4 8.
Bxc4 Nh5 9. Be3 Bxf3 10. gxf3 e5 11. dxe5 Qh4 12. Qd2 Nc6 13. f4 Rad8 14. Nd5
Nxe5 15. fxe5 c6 16. Bd3 cxd5 17. Bg5 Qg4 18. Bxd8 Rxd8 19. f3 Qxf3 20. Rf1 Qh3
21. Qg5 Re8 22. Be2 Bxe5 23. Bxh5 Bxb2 24. Be2 Bxc1 25. Qxc1 Qxh2 26. Bd3 Qxa2
27. Qc7 Qa1+ 28. Kd2 Qb2+ 29. Kd1 Rf8 30. exd5 Qb3+ 31. Ke2 Re8+ 32. Kd2 Qxd5
33. Rxf7 Qxf7 34. Bc4 Re6 35. Qc8+ Kg7 36. Bxe6 Qf4+ 37. Ke2 Qe4+ 38. Kd2 Kf6
39. Bc4 Qd4+ 40. Bd3 Qb4+ 41. Ke2 Qe7+ 42. Kf3 Kg7 43. Bc4 Qf8+ 44. Qxf8+ Kxf8
45. Kf4 a5 46. Bb5 Ke7 47. Ke5 h5 48. Bd3 g5 49. Be2 h4 50. Bg4 a4 51. Kd4 Kd6
0-1

[Event "Reública Checa ch"]
[Site "Karlovy Vary CZE"]
[Date "2005.02.01"]
[Round "1.2"]
[White "Cvek, Robert"]
[Black "Navara, David"]
[Result "0-1"]
[WhiteElo "2499"]
[BlackElo "2644"]
[PlyCount "84"]
[EventDate "2005.02.01"]
[EventType "tourn"]
[EventRounds "11"]
[EventCountry "CZE"]
[EventCategory "11"]
[Source "lmi"]
[SourceDate "2005.02.12"]

1. Nf3 g6 2. e4 Bg7 3. d4 d6 4. Nc3 Nf6 5. Be2 O-O 6. O-O c6 7. Bf4 Nbd7 8. Qd2
e5 9. dxe5 dxe5 10. Nxe5 Nxe4 11. Nxe4 Nxe5 12. Nd6 Be6 13. Rad1 Qe7 14. c4
Rfd8 15. Rfe1 c5 16. b4 cxb4 17. Qxb4 b6 18. Qa3 Rd7 19. c5 bxc5 20. Qxc5 Rad8
21. Bxe5 Bxe5 22. Qxe5 Rxd6 23. h3 Rxd1 24. Rxd1 Rxd1+ 25. Bxd1 Qd8 26. Bb3
Bxb3 27. axb3 Qd1+ 28. Kh2 Qxb3 29. f4 Qb6 30. f5 a5 31. f6 Qd8 32. Qb5 h5 33.
Qa6 Kh7 34. h4 Qd4 35. g3 a4 36. Qa8 Qb2+ 37. Kh3 Qa2 38. Qa7 a3 39. Qa8 Qe6+
40. Kg2 a2 41. Kh2 Qe2+ 42. Kh3 Qf1+ 0-1

[Event "Reública Checa ch"]
[Site "Karlovy Vary CZE"]
[Date "2005.02.01"]
[Round "1.3"]
[White "Hracek, Zbynek"]
[Black "Cifka, Stanislav"]
[Result "1/2-1/2"]
[WhiteElo "2600"]
[BlackElo "2292"]
[PlyCount "43"]
[EventDate "2005.02.01"]
[EventType "tourn"]
[EventRounds "11"]
[EventCountry "CZE"]
[EventCategory "11"]
[Source "lmi"]
[SourceDate "2005.02.12"]

1. d4 e6 2. c4 Nf6 3. Nf3 b6 4. g3 Ba6 5. b3 d5 6. cxd5 Bb4+ 7. Bd2 Bxd2+ 8.
Qxd2 exd5 9. Qe3+ Qe7 10. Qxe7+ Kxe7 11. Nc3 c5 12. O-O-O cxd4 13. Rxd4 Nc6 14.
Nxd5+ Nxd5 15. Rxd5 Nb4 16. Rd4 Rhc8+ 17. Kb1 Nc6 18. Rd2 Rd8 19. Bg2 Rxd2 20.
Nxd2 Rd8 21. Nc4 Bxc4 22. bxc4 1/2-1/2

[Event "Reública Checa ch"]
[Site "Karlovy Vary CZE"]
[Date "2005.02.01"]
[Round "1.4"]
[White "Vokac, Marek"]
[Black "Klima, Lukas"]
[Result "1-0"]
[WhiteElo "2476"]
[BlackElo "2484"]
[PlyCount "101"]
[EventDate "2005.02.01"]
[EventType "tourn"]
[EventRounds "11"]
[EventCountry "CZE"]
[EventCategory "11"]
[Source "lmi"]
[SourceDate "2005.02.12"]

1. g3 g6 2. Bg2 Bg7 3. d4 d6 4. Nf3 Nf6 5. O-O O-O 6. b3 Nc6 7. Bb2 e5 8. dxe5
Nd7 9. Nc3 Ndxe5 10. Nxe5 Nxe5 11. Qd2 c6 12. Rad1 d5 13. Qc1 Qa5 14. Qa1 f6
15. e4 Bg4 16. f3 Be6 17. exd5 cxd5 18. Ne2 Rfe8 19. Kh1 Bf7 20. Nd4 Rac8 21.
Bh3 Rc7 22. a4 a6 23. Rfe1 h5 24. Re2 Bf8 25. f4 Ng4 26. Bxg4 hxg4 27. Rxe8
Bxe8 28. Re1 Bf7 29. Re2 Re7 30. Qd1 Re4 31. f5 gxf5 32. Nxf5 Bg6 33. Rxe4 dxe4
34. Ne3 Qg5 35. Bd4 f5 36. Qf1 Qe7 37. Qc4+ Bf7 38. Qf1 Be6 39. Qf4 Kh7 40. Kg2
Kg6 41. Qe5 Bd7 42. Qxe7 Bxe7 43. Kf2 Kf7 44. Ke2 Ke6 45. c4 Bc6 46. Nc2 Bd6
47. Be3 Be5 48. Bf4 a5 49. Bd2 Kd6 50. Ne3 Bd7 51. Bxa5 1-0

[Event "Reública Checa ch"]
[Site "Karlovy Vary CZE"]
[Date "2005.02.01"]
[Round "1.5"]
[White "Jansa, Vlastimil"]
[Black "Babula, Vlastimil"]
[Result "1/2-1/2"]
[WhiteElo "2515"]
[BlackElo "2566"]
[PlyCount "86"]
[EventDate "2005.02.01"]
[EventType "tourn"]
[EventRounds "11"]
[EventCountry "CZE"]
[EventCategory "11"]
[Source "lmi"]
[SourceDate "2005.02.12"]

1. e4 c5 2. Nf3 Nc6 3. d4 cxd4 4. Nxd4 Nf6 5. Nc3 e5 6. Ndb5 d6 7. Bg5 a6 8.
Na3 b5 9. Bxf6 gxf6 10. Nd5 f5 11. c3 Bg7 12. exf5 Bxf5 13. Nc2 O-O 14. Nce3
Be6 15. Bd3 f5 16. O-O Ra7 17. a4 Ne7 18. Nxe7+ Rxe7 19. axb5 axb5 20. Bc2 Kh8
21. Nd5 Ref7 22. Re1 Qg5 23. Ra6 f4 24. Rxd6 Bh3 25. Qf3 Bg4 26. Qd3 Bf5 27.
Qd2 Rg8 28. Bxf5 Qxf5 29. f3 Bf8 30. Rc6 Rfg7 31. Nf6 Rg6 32. Nxg8 Rxc6 33. Qd5
Re6 34. Qxb5 Kxg8 35. Qd5 Kg7 36. b4 Rd6 37. Qxe5+ Qxe5 38. Rxe5 Rd1+ 39. Kf2
Rc1 40. Re4 Rc2+ 41. Kf1 Bd6 42. Re6 Bf8 43. Re4 Bd6 1/2-1/2

[Event "Reública Checa ch"]
[Site "Karlovy Vary CZE"]
[Date "2005.02.01"]
[Round "1.6"]
[White "Haba, Petr"]
[Black "Jirovsky, Milos"]
[Result "1/2-1/2"]
[WhiteElo "2525"]
[BlackElo "2499"]
[PlyCount "30"]
[EventDate "2005.02.01"]
[EventType "tourn"]
[EventRounds "11"]
[EventCountry "CZE"]
[EventCategory "11"]
[Source "lmi"]
[SourceDate "2005.02.12"]

1. d4 e6 2. e4 d5 3. e5 c5 4. c3 Nc6 5. Nf3 Bd7 6. a3 Nge7 7. b4 cxd4 8. cxd4
Nf5 9. Bb2 Rc8 10. Bd3 Qb6 11. Bxf5 exf5 12. O-O Be6 13. Nc3 Be7 14. Na4 Qd8
15. Nc5 b6 1/2-1/2

[Event "Reública Checa ch"]
[Site "Karlovy Vary CZE"]
[Date "2005.02.02"]
[Round "2.1"]
[White "Jirovsky, Milos"]
[Black "Babula, Vlastimil"]
[Result "1/2-1/2"]
[WhiteElo "2499"]
[BlackElo "2566"]
[PlyCount "34"]
[EventDate "2005.02.01"]
[EventType "tourn"]
[EventRounds "11"]
[EventCountry "CZE"]
[EventCategory "11"]
[Source "lmi"]
[SourceDate "2005.02.12"]

1. Nf3 Nf6 2. g3 d5 3. Bg2 c6 4. O-O Bg4 5. d4 e6 6. Nbd2 Nbd7 7. Re1 Be7 8. e4
dxe4 9. Nxe4 Nxe4 10. Rxe4 Nf6 11. Re1 O-O 12. c3 Qb6 13. Qb3 Bxf3 14. Bxf3
Rfd8 15. Bg5 Qxb3 16. axb3 Nd5 17. Bxd5 Bxg5 1/2-1/2

[Event "Reública Checa ch"]
[Site "Karlovy Vary CZE"]
[Date "2005.02.02"]
[Round "2.4"]
[White "Klima, Lukas"]
[Black "Lechtynsky, Jiri"]
[Result "1/2-1/2"]
[WhiteElo "2484"]
[BlackElo "2487"]
[PlyCount "60"]
[EventDate "2005.02.01"]
[EventType "tourn"]
[EventRounds "11"]
[EventCountry "CZE"]
[EventCategory "11"]
[Source "lmi"]
[SourceDate "2005.02.12"]

1. e4 e5 2. Nf3 Nc6 3. Bb5 a6 4. Ba4 Nf6 5. O-O Be7 6. Re1 b5 7. Bb3 d6 8. c3
O-O 9. d4 Bg4 10. d5 Na5 11. Bc2 c6 12. dxc6 Qc7 13. Nbd2 Qxc6 14. Nf1 h6 15.
Ng3 Rfe8 16. h3 Be6 17. Nh4 Rad8 18. Qf3 Nh7 19. Nhf5 Bg5 20. h4 Bxc1 21. Raxc1
Kh8 22. Rcd1 Nc4 23. b3 Na3 24. Bd3 Qxc3 25. Nh5 Rg8 26. Ne7 Rge8 27. Nd5 Qa5
28. Qg3 Rg8 29. Qe3 Rd7 30. Ng3 b4 1/2-1/2

[Event "Reública Checa ch"]
[Site "Karlovy Vary CZE"]
[Date "2005.02.02"]
[Round "2.5"]
[White "Cifka, Stanislav"]
[Black "Vokac, Marek"]
[Result "1/2-1/2"]
[WhiteElo "2292"]
[BlackElo "2476"]
[PlyCount "81"]
[EventDate "2005.02.01"]
[EventType "tourn"]
[EventRounds "11"]
[EventCountry "CZE"]
[EventCategory "11"]
[Source "lmi"]
[SourceDate "2005.02.12"]

1. d4 Nf6 2. c4 g6 3. Nc3 Bg7 4. e4 O-O 5. Nf3 d6 6. Be2 Bg4 7. O-O Nfd7 8. Be3
Nb6 9. b3 c5 10. Rc1 Bxf3 11. Bxf3 cxd4 12. Bxd4 Bxd4 13. Qxd4 Nc6 14. Qe3 Nd7
15. Bg4 Nf6 16. Bh3 Qa5 17. f4 Rad8 18. Rce1 e6 19. f5 Qe5 20. fxe6 fxe6 21.
Qg3 Nd4 22. Nb5 Qc5 23. Qe3 e5 24. Nxd4 exd4 25. Qd3 Rde8 26. Rd1 Nxe4 27.
Rxf8+ Kxf8 28. Qxd4 Nc3 29. Qxc5 dxc5 30. Rd7 Re7 31. Rd8+ Kg7 32. a3 h5 33. b4
b6 34. g3 Ne2+ 35. Kf1 Nd4 36. Rc8 Rf7+ 37. Kg1 Nf3+ 38. Kg2 Ne1+ 39. Kg1 Nf3+
40. Kg2 Ne1+ 41. Kg1 1/2-1/2

[Event "Reública Checa ch"]
[Site "Karlovy Vary CZE"]
[Date "2005.02.03"]
[Round "3.1"]
[White "Hracek, Zbynek"]
[Black "Jirovsky, Milos"]
[Result "1/2-1/2"]
[WhiteElo "2600"]
[BlackElo "2499"]
[PlyCount "33"]
[EventDate "2005.02.01"]
[EventType "tourn"]
[EventRounds "11"]
[EventCountry "CZE"]
[EventCategory "11"]
[Source "lmi"]
[SourceDate "2005.02.12"]

1. e4 c5 2. Nf3 d6 3. d4 cxd4 4. Nxd4 Nf6 5. Nc3 g6 6. Be3 Bg7 7. f3 Nc6 8. Qd2
O-O 9. Bc4 Bd7 10. h4 Rc8 11. Bb3 h5 12. O-O-O Ne5 13. Bh6 Nc4 14. Bxc4 Rxc4
15. Bxg7 Kxg7 16. Kb1 Qa5 17. Nb3 1/2-1/2

[Event "Reública Checa ch"]
[Site "Karlovy Vary CZE"]
[Date "2005.02.03"]
[Round "3.2"]
[White "Vokac, Marek"]
[Black "Haba, Petr"]
[Result "1/2-1/2"]
[WhiteElo "2476"]
[BlackElo "2525"]
[PlyCount "48"]
[EventDate "2005.02.01"]
[EventType "tourn"]
[EventRounds "11"]
[EventCountry "CZE"]
[EventCategory "11"]
[Source "lmi"]
[SourceDate "2005.02.12"]

1. g3 e5 2. Bg2 d5 3. d3 c5 4. Nc3 d4 5. Nd5 Ne7 6. c4 Nxd5 7. cxd5 Bd6 8. Nf3
O-O 9. O-O Na6 10. e3 Nc7 11. exd4 cxd4 12. Nd2 b6 13. Nc4 Bb7 14. f4 Bxd5 15.
fxe5 Be7 16. Qg4 Bxg2 17. Kxg2 Qd5+ 18. Qf3 Qxf3+ 19. Rxf3 Ne6 20. a4 Nc5 21.
Bd2 Nb3 22. Rd1 Rac8 23. Be1 Rfd8 24. g4 f6 1/2-1/2

[Event "Reública Checa ch"]
[Site "Karlovy Vary CZE"]
[Date "2005.02.03"]
[Round "3.3"]
[White "Lechtynsky, Jiri"]
[Black "Cifka, Stanislav"]
[Result "1/2-1/2"]
[WhiteElo "2487"]
[BlackElo "2292"]
[PlyCount "106"]
[EventDate "2005.02.01"]
[EventType "tourn"]
[EventRounds "11"]
[EventCountry "CZE"]
[EventCategory "11"]
[Source "lmi"]
[SourceDate "2005.02.12"]

1. Nf3 Nf6 2. c4 c6 3. d4 d5 4. cxd5 cxd5 5. Nc3 Nc6 6. Bf4 Bf5 7. e3 e6 8. Qb3
Qb6 9. Bb5 Nh5 10. Bg3 Nxg3 11. hxg3 Bd6 12. O-O O-O 13. Bxc6 Qxb3 14. axb3
bxc6 15. Rfc1 Rfc8 16. Na4 Rab8 17. Nc5 Bxc5 18. Rxc5 Rxb3 19. Rxa7 f6 20. Ra2
Rb6 21. Nd2 Rc7 22. b3 Kf7 23. f3 e5 24. e4 Be6 25. Rac2 Rd7 26. dxe5 dxe4 27.
Nxe4 Bxb3 28. Rb2 Rd3 29. exf6 gxf6 30. g4 Kg7 31. Kf2 Rd4 32. Rf5 Rdb4 33.
Nxf6 Bf7 34. Rxb4 Rxb4 35. Nh5+ Kf8 36. Rc5 Rb2+ 37. Kg3 Rb5 38. Nf6 Rxc5 39.
Nd7+ Ke7 40. Nxc5 Kd6 41. Ne4+ Ke5 42. Kf2 Kd4 43. Ng5 Bg8 44. f4 h6 45. Nf3+
Ke4 46. g3 c5 47. Ne5 c4 48. Ke2 c3 49. Kd1 Ke3 50. Kc2 Kf2 51. f5 Kxg3 52.
Kxc3 Kf4 53. Kd4 h5 1/2-1/2

[Event "Reública Checa ch"]
[Site "Karlovy Vary CZE"]
[Date "2005.02.03"]
[Round "3.4"]
[White "Cvek, Robert"]
[Black "Klima, Lukas"]
[Result "1/2-1/2"]
[WhiteElo "2499"]
[BlackElo "2484"]
[PlyCount "42"]
[EventDate "2005.02.01"]
[EventType "tourn"]
[EventRounds "11"]
[EventCountry "CZE"]
[EventCategory "11"]
[Source "lmi"]
[SourceDate "2005.02.12"]

1. Nf3 Nf6 2. c4 g6 3. Nc3 d5 4. cxd5 Nxd5 5. e4 Nxc3 6. dxc3 Qxd1+ 7. Kxd1 f6
8. Be3 e5 9. Kc2 Be6 10. Nd2 Nd7 11. h4 h5 12. Bc4 Bxc4 13. Nxc4 Bc5 14. Bxc5
Nxc5 15. f3 Ke7 16. Ne3 c6 17. Rad1 Rad8 18. b4 Ne6 19. g3 Rxd1 20. Rxd1 Rd8
21. Rxd8 Kxd8 1/2-1/2

[Event "Reública Checa ch"]
[Site "Karlovy Vary CZE"]
[Date "2005.02.03"]
[Round "3.5"]
[White "Jansa, Vlastimil"]
[Black "Stocek, Jiri"]
[Result "1/2-1/2"]
[WhiteElo "2515"]
[BlackElo "2586"]
[PlyCount "51"]
[EventDate "2005.02.01"]
[EventType "tourn"]
[EventRounds "11"]
[EventCountry "CZE"]
[EventCategory "11"]
[Source "lmi"]
[SourceDate "2005.02.12"]

1. e4 e5 2. Nf3 Nc6 3. Bb5 a6 4. Ba4 Nf6 5. O-O Be7 6. Re1 d6 7. c3 Bg4 8. h3
Bh5 9. d3 O-O 10. Nbd2 Nd7 11. Nf1 Nc5 12. Bxc6 bxc6 13. g4 Bg6 14. Ng3 f6 15.
d4 Nd7 16. Be3 Kh8 17. c4 Rb8 18. b3 d5 19. exd5 cxd5 20. cxd5 Rb5 21. Qe2 Qa8
22. Rad1 Rxd5 23. dxe5 Rxd1 24. Rxd1 Nxe5 25. Nxe5 fxe5 26. Qc4 1/2-1/2

[Event "Reública Checa ch"]
[Site "Karlovy Vary CZE"]
[Date "2005.02.03"]
[Round "3.6"]
[White "Babula, Vlastimil"]
[Black "Navara, David"]
[Result "1/2-1/2"]
[WhiteElo "2566"]
[BlackElo "2644"]
[PlyCount "101"]
[EventDate "2005.02.01"]
[EventType "tourn"]
[EventRounds "11"]
[EventCountry "CZE"]
[EventCategory "11"]
[Source "lmi"]
[SourceDate "2005.02.12"]

1. d4 Nf6 2. c4 e6 3. Nf3 b6 4. a3 Bb7 5. Nc3 d5 6. cxd5 Nxd5 7. Bd2 c5 8. e4
Nxc3 9. Bxc3 a6 10. d5 exd5 11. exd5 Bxd5 12. Qe2+ Be7 13. O-O-O Nc6 14. Bxg7
Rg8 15. Bc3 Qd6 16. Qc2 b5 17. Qf5 Rd8 18. Qxh7 Qg6 19. Qxg6 Rxg6 20. h4 b4 21.
h5 Rg4 22. Bd2 bxa3 23. bxa3 c4 24. Re1 Kf8 25. Re3 Bc5 26. Rc3 Na5 27. Be3 Be7
28. Ne5 Re4 29. f4 Be6 30. g4 Nb3+ 31. Kc2 Nd4+ 32. Bxd4 Rdxd4 33. Nc6 Rxf4 34.
Nxd4 Rxd4 35. Be2 Bg5 36. Rd1 Rf4 37. Rf1 Re4 38. Bf3 Rd4 39. Rd1 Bf6 40. Rxd4
Bxd4 41. Be2 Bxc3 42. Kxc3 f6 43. Bxc4 Bxg4 44. h6 a5 45. Kd4 Bf3 46. Be6 Bd1
47. Kc4 Bc2 48. Kb5 f5 49. Kxa5 f4 50. Bd5 Bd1 51. Kb4 1/2-1/2

[Event "Reública Checa ch"]
[Site "Karlovy Vary CZE"]
[Date "2005.02.04"]
[Round "4.1"]
[White "Jirovsky, Milos"]
[Black "Navara, David"]
[Result "1/2-1/2"]
[WhiteElo "2499"]
[BlackElo "2644"]
[PlyCount "47"]
[EventDate "2005.02.01"]
[EventType "tourn"]
[EventRounds "11"]
[EventCountry "CZE"]
[EventCategory "11"]
[Source "lmi"]
[SourceDate "2005.02.12"]

1. Nf3 Nf6 2. c4 g6 3. g3 Bg7 4. Bg2 O-O 5. O-O d6 6. d4 Nc6 7. Nc3 a6 8. h3
Bd7 9. Be3 Rb8 10. Rb1 Bf5 11. Rc1 b5 12. Nd2 Bd7 13. d5 Na5 14. cxb5 axb5 15.
b4 Nc4 16. Nxc4 bxc4 17. b5 Qc8 18. Qa4 Bxh3 19. Qxc4 Bxg2 20. Kxg2 Qg4 21. Qb3
Nh5 22. Rh1 Bxc3 23. Rxc3 f5 24. Bh6 1/2-1/2

[Event "Reública Checa ch"]
[Site "Karlovy Vary CZE"]
[Date "2005.02.04"]
[Round "4.2"]
[White "Stocek, Jiri"]
[Black "Babula, Vlastimil"]
[Result "1/2-1/2"]
[WhiteElo "2586"]
[BlackElo "2566"]
[PlyCount "25"]
[EventDate "2005.02.01"]
[EventType "tourn"]
[EventRounds "11"]
[EventCountry "CZE"]
[EventCategory "11"]
[Source "lmi"]
[SourceDate "2005.02.12"]

1. d4 Nf6 2. c4 e6 3. Nf3 b6 4. Nc3 Bb7 5. a3 d5 6. cxd5 Nxd5 7. e3 g6 8. Bb5+
c6 9. Bc4 Bg7 10. O-O O-O 11. e4 Nxc3 12. bxc3 Qc8 13. Re1 1/2-1/2

[Event "Reública Checa ch"]
[Site "Karlovy Vary CZE"]
[Date "2005.02.04"]
[Round "4.4"]
[White "Cifka, Stanislav"]
[Black "Cvek, Robert"]
[Result "0-1"]
[WhiteElo "2292"]
[BlackElo "2499"]
[PlyCount "144"]
[EventDate "2005.02.01"]
[EventType "tourn"]
[EventRounds "11"]
[EventCountry "CZE"]
[EventCategory "11"]
[Source "lmi"]
[SourceDate "2005.02.12"]

1. d4 Nf6 2. c4 e6 3. Nf3 b6 4. Nc3 Bb4 5. Qb3 a5 6. a3 Bxc3+ 7. Qxc3 a4 8. Bg5
d6 9. e3 Bb7 10. Bd3 Nbd7 11. O-O Ra5 12. e4 h6 13. Bxf6 Qxf6 14. b4 axb3 15.
Nd2 Nc5 16. Bb1 Na4 17. Qd3 b2 18. Ra2 e5 19. d5 Bc8 20. Bc2 O-O 21. Bxa4 Rxa4
22. Rxb2 Qg6 23. Ra2 f5 24. f3 Bd7 25. Nb1 Rfa8 26. Qb3 Qg5 27. Kh1 R4a5 28.
Re1 Qh4 29. Qe3 Ra4 30. Rc1 fxe4 31. fxe4 Rf8 32. Kg1 b5 33. Rac2 c5 34. Nd2
Kh7 35. Rb2 Rb8 36. Rf1 Rba8 37. cxb5 Rxa3 38. Rb3 Rxb3 39. Qxb3 Ra5 40. b6 Rb5
41. Qa4 Qg5 42. Qa7 Rb2 43. Qxd7 Rxd2 44. Qh3 Rb2 45. Qf3 Rxb6 46. h4 Qg6 47.
h5 Qg5 48. Qf5+ Qxf5 49. exf5 Rb7 50. Ra1 Kg8 51. Ra6 Rd7 52. Kf2 Kf7 53. Kf3
Ke7 54. Ke4 Kf6 55. Ra8 Kg5 56. Rg8 Rc7 57. Rd8 c4 58. f6 gxf6 59. Rg8+ Kxh5
60. Kf5 Rb7 61. Rg3 Rb3 62. Rg4 Rb2 63. Rxc4 Rf2+ 64. Ke6 f5 65. Kxd6 e4 66.
Ke5 e3 67. g4+ fxg4 68. Re4 g3 69. Rxe3 Kh4 70. d6 g2 71. d7 Rd2 72. Re4+ Kg3
0-1

[Event "Reública Checa ch"]
[Site "Karlovy Vary CZE"]
[Date "2005.02.04"]
[Round "4.5"]
[White "Haba, Petr"]
[Black "Lechtynsky, Jiri"]
[Result "1-0"]
[WhiteElo "2525"]
[BlackElo "2487"]
[PlyCount "57"]
[EventDate "2005.02.01"]
[EventType "tourn"]
[EventRounds "11"]
[EventCountry "CZE"]
[EventCategory "11"]
[Source "lmi"]
[SourceDate "2005.02.12"]

1. e4 c5 2. Nf3 e6 3. d4 cxd4 4. Nxd4 a6 5. Nc3 Qc7 6. Be2 Nf6 7. O-O d6 8. f4
Nc6 9. Be3 Bd7 10. Nb3 b5 11. a3 Rb8 12. Kh1 Be7 13. Qe1 O-O 14. Qg3 b4 15.
axb4 Nxb4 16. Nd4 Nxc2 17. Nxc2 Rxb2 18. Bd3 Rxc2 19. Bxc2 Qxc3 20. Rfc1 e5 21.
fxe5 dxe5 22. Ba4 Qb4 23. Bxd7 Nxd7 24. Bh6 Bf6 25. Rxa6 Qe7 26. Rf1 Rb8 27. h3
Nb6 28. Qg4 Qd6 29. Rxf6 1-0

[Event "Reública Checa ch"]
[Site "Karlovy Vary CZE"]
[Date "2005.02.05"]
[Round "5.2"]
[White "Lechtynsky, Jiri"]
[Black "Hracek, Zbynek"]
[Result "0-1"]
[WhiteElo "2487"]
[BlackElo "2600"]
[PlyCount "96"]
[EventDate "2005.02.01"]
[EventType "tourn"]
[EventRounds "11"]
[EventCountry "CZE"]
[EventCategory "11"]
[Source "lmi"]
[SourceDate "2005.02.12"]

1. d4 Nf6 2. Nf3 e6 3. c4 b6 4. e3 Bb7 5. Bd3 c5 6. O-O g6 7. Nc3 Bg7 8. Re1
O-O 9. d5 exd5 10. cxd5 Nxd5 11. Nxd5 Bxd5 12. Bxg6 hxg6 13. Qxd5 Nc6 14. e4
Qe7 15. Bg5 Qe6 16. Qd2 Rfe8 17. Bh6 Nd4 18. Nxd4 Bxd4 19. Be3 Qxe4 20. Bxd4
Qxd4 21. Qxd4 cxd4 22. Red1 Re2 23. Rxd4 Rae8 24. h4 Rxb2 25. a4 Ree2 26. Rf4
d5 27. Rd1 Rbd2 28. Rb1 Ra2 29. Rd1 Re5 30. g3 Kg7 31. Rd3 Re1+ 32. Kg2 Re4 33.
Rff3 d4 34. h5 gxh5 35. Rf5 Rxa4 36. Rdf3 Re7 37. Rxh5 Rc4 38. Rf4 Rd7 39. Rg4+
Kf8 40. Re4 Rc5 41. Rh8+ Kg7 42. Reh4 d3 43. R8h7+ Kf8 44. Rh8+ Ke7 45. Re4+
Kd6 46. Rh1 d2 47. Rd1 Kc6 48. Re2 Rcd5 0-1

[Event "Reública Checa ch"]
[Site "Karlovy Vary CZE"]
[Date "2005.02.05"]
[Round "5.5"]
[White "Babula, Vlastimil"]
[Black "Klima, Lukas"]
[Result "1-0"]
[WhiteElo "2566"]
[BlackElo "2484"]
[PlyCount "93"]
[EventDate "2005.02.01"]
[EventType "tourn"]
[EventRounds "11"]
[EventCountry "CZE"]
[EventCategory "11"]
[Source "lmi"]
[SourceDate "2005.02.12"]

1. d4 d5 2. c4 Nc6 3. e3 e5 4. cxd5 Qxd5 5. Nc3 Bb4 6. Bd2 Bxc3 7. bxc3 Nf6 8.
Qb3 Qd6 9. Bc1 Be6 10. Ba3 Bxb3 11. Bxd6 cxd6 12. axb3 exd4 13. exd4 Nd5 14.
Kd2 O-O 15. Bc4 Nc7 16. Ne2 d5 17. Bd3 Ne6 18. Ra3 Rac8 19. b4 a6 20. Rb1 Nc7
21. b5 axb5 22. Bxb5 g5 23. Bd3 Rb8 24. Rab3 Na5 25. Rb6 Rfe8 26. Ng3 Re6 27.
Nf5 Rd8 28. Ne3 Rc6 29. Nf5 Re6 30. R6b4 g4 31. Rb6 h5 32. Ng3 Rdd6 33. Rxd6
Rxd6 34. Nxh5 Rh6 35. Nf4 Rxh2 36. Bf5 Kg7 37. Ke2 Rh6 38. Bxg4 Rc6 39. Kd3 b6
40. Bf3 Rd6 41. g3 b5 42. Nxd5 Ne6 43. Rxb5 Nc6 44. Ne3 Ncxd4 45. cxd4 Rxd4+
46. Kc3 Ra4 47. Bd5 1-0

[Event "Reública Checa ch"]
[Site "Karlovy Vary CZE"]
[Date "2005.02.06"]
[Round "6.2"]
[White "Klima, Lukas"]
[Black "Navara, David"]
[Result "1/2-1/2"]
[WhiteElo "2484"]
[BlackElo "2644"]
[PlyCount "85"]
[EventDate "2005.02.01"]
[EventType "tourn"]
[EventRounds "11"]
[EventCountry "CZE"]
[EventCategory "11"]
[Source "lmi"]
[SourceDate "2005.02.12"]

1. e4 e5 2. Nf3 Nc6 3. Bb5 a6 4. Ba4 Nf6 5. O-O Be7 6. Re1 b5 7. Bb3 d6 8. c3
O-O 9. h3 Na5 10. Bc2 c5 11. d3 Nc6 12. Nbd2 Qc7 13. a4 Be6 14. Nf1 Rad8 15.
Qe2 d5 16. axb5 axb5 17. exd5 Rxd5 18. Ng3 h6 19. Bb3 Rd6 20. Bc2 Bd5 21. Nf5
Re6 22. Ne3 Rd8 23. Nxd5 Nxd5 24. Bb3 Na5 25. Bc2 b4 26. Bd2 c4 27. cxb4 Nxb4
28. dxc4 Nxc4 29. Bxb4 Bxb4 30. Rec1 Rc6 31. Qe4 g6 32. Ba4 Rc5 33. Bb3 Rc8 34.
Ra4 Nxb2 35. Qxg6+ Kf8 36. Qxh6+ Ke8 37. Rxc5 Qxc5 38. Qh8+ Kd7 39. Qxe5 Nxa4
40. Bxa4+ Kd8 41. Qe8+ Kc7 42. Qxf7+ Kb6 43. Bd7 1/2-1/2

[Event "Reública Checa ch"]
[Site "Karlovy Vary CZE"]
[Date "2005.02.06"]
[Round "6.3"]
[White "Cifka, Stanislav"]
[Black "Babula, Vlastimil"]
[Result "0-1"]
[WhiteElo "2292"]
[BlackElo "2566"]
[PlyCount "68"]
[EventDate "2005.02.01"]
[EventType "tourn"]
[EventRounds "11"]
[EventCountry "CZE"]
[EventCategory "11"]
[Source "lmi"]
[SourceDate "2005.02.12"]

1. d4 Nf6 2. c4 e6 3. Nf3 Bb4+ 4. Bd2 a5 5. g3 d5 6. Bg2 dxc4 7. Bxb4 axb4 8.
Ne5 O-O 9. O-O Nc6 10. Nxc6 bxc6 11. Qd2 Qd6 12. e4 Qe7 13. Rc1 Ba6 14. a3 Bb5
15. Qg5 h6 16. Qh4 Rfd8 17. e5 Nd5 18. Qg4 f5 19. exf6 Nxf6 20. Qf4 e5 21. dxe5
Nd7 22. Bxc6 Bxc6 23. Qxc4+ Kh8 24. Qxc6 Nxe5 25. Qe4 c6 26. f4 Qa7+ 27. Kg2
Ng4 28. Qe2 Ne3+ 29. Kf3 Re8 30. Nd2 Nc2 31. Rxc2 Rxe2 32. Kxe2 Re8+ 33. Kf1
Qe3 34. Rac1 Qd3+ 0-1

[Event "Reública Checa ch"]
[Site "Karlovy Vary CZE"]
[Date "2005.02.06"]
[Round "6.4"]
[White "Haba, Petr"]
[Black "Jansa, Vlastimil"]
[Result "1/2-1/2"]
[WhiteElo "2525"]
[BlackElo "2515"]
[PlyCount "44"]
[EventDate "2005.02.01"]
[EventType "tourn"]
[EventRounds "11"]
[EventCountry "CZE"]
[EventCategory "11"]
[Source "lmi"]
[SourceDate "2005.02.12"]

1. e4 c5 2. Nf3 e6 3. d4 cxd4 4. Nxd4 Nf6 5. Nc3 d6 6. f4 Be7 7. Be3 O-O 8. Be2
a6 9. O-O Qc7 10. g4 d5 11. exd5 Nxd5 12. Nxd5 exd5 13. Bf3 Re8 14. Qd2 Nd7 15.
Nf5 Bf8 16. Bd4 Nc5 17. Ne3 Ne4 18. Qd3 Qc6 19. Rae1 Nc5 20. Qd2 Ne4 21. Qd3
Nc5 22. Qd2 Ne4 1/2-1/2

[Event "Reública Checa ch"]
[Site "Karlovy Vary CZE"]
[Date "2005.02.06"]
[Round "6.5"]
[White "Hracek, Zbynek"]
[Black "Cvek, Robert"]
[Result "1/2-1/2"]
[WhiteElo "2600"]
[BlackElo "2499"]
[PlyCount "38"]
[EventDate "2005.02.01"]
[EventType "tourn"]
[EventRounds "11"]
[EventCountry "CZE"]
[EventCategory "11"]
[Source "lmi"]
[SourceDate "2005.02.12"]

1. e4 c6 2. d4 d5 3. Nc3 dxe4 4. Nxe4 Nf6 5. Nxf6+ gxf6 6. Nf3 Bf5 7. Bd3 Bg6
8. O-O e6 9. c4 Na6 10. Be3 Qd7 11. Qd2 Nc7 12. Rfd1 O-O-O 13. b4 Bg7 14. Be2
Kb8 15. a4 e5 16. b5 c5 17. d5 Qd6 18. Nh4 f5 19. f4 Rhe8 1/2-1/2